00906nam a2200241 i 4500001001000000003000900010005001700019007000300036008004100039040003000080082001400110100004400124245014000168264005300308300002700361336002700388337003300415338002800448490002200476500007300498500005600571504003700627000022045DO-SdBNP20240925104756.0ta100916s1997 dr 000 0 spa d aDO-SdBNPbspacBNPHUerda 4bC531s2221 aChez Checo, José,d1949-eautor4aut.13aEl sermón de Fray Antonio Montesino de 1511 y el inicio de la lucha por la igualdad de los hombres en América /cJosé Chez Checo. 1aSanto Domingo :bEditora Amigo del Hogar,c1997. a32 páginas ;c20 cm. atextobtxt2rdacontent asin mediaciónbn2rdamedia avolumenbnc2rdacarrier1 aHistoria totalv5 aIncluye referencias bibliográficas y notas al pie de las páginas aIncluye datos biográficos el autor en las solapas aBibliografía : páginas 29-32